| 000 | 02198cam a22005534i 4500 | ||
|---|---|---|---|
| 003 | PE-LiUPU | ||
| 005 | 20250731184523.0 | ||
| 008 | 150617s r 000 0 d | ||
| 035 | _a(Sirsi) a18795 | ||
| 040 |
_aPE-LiUPU _bspa _cPE-LiUPU _erda |
||
| 049 | _aPRUA | ||
| 082 | 0 | 4 |
_a985.09034 _bA34 _221 |
| 100 | 1 |
_aAlbornoz, Santiago E., _d1963- , _eautor. |
|
| 245 | 1 | 0 |
_aReivindicatorio para la historia del Perú / _cSantigo E. Albornoz. |
| 264 | 1 |
_aBuenos Aires : _bCagnasso y Cía., _c1960. |
|
| 300 |
_a285 páginas ; _c22 cm |
||
| 336 |
_atext _2rdacontent |
||
| 337 |
_aunmediated _2rdamedia |
||
| 338 |
_avolume _2rdacarrier |
||
| 504 | _aIncluye bibliografía. | ||
| 505 | 0 | _aTrayectoria del soldado peruano -- Peruanos en la independencia de Chile -- Congreso de historia latino-americana -- Peruanos en la independencia argentina -- Gran mariscal Toribio de Luzuriaga -- Doctor José Darregueyra. | |
| 526 | _aP136 | ||
| 526 | _aP135 | ||
| 526 | _aP134 | ||
| 526 | _aP133 | ||
| 526 | _aP144 | ||
| 526 | _aP143 | ||
| 526 | _aP87 | ||
| 526 | _aP35 | ||
| 526 | _aP20 | ||
| 526 | _aP14 | ||
| 526 | _aP10 | ||
| 526 | _aP06 | ||
| 600 | 1 |
_aAlvarez Thomas, Ignacio. _d1787-1857 |
|
| 600 | 1 |
_aDarregueyra, José. _d1775-1817 |
|
| 600 | 1 |
_aEgaña, Juan. _d1769-1836 |
|
| 600 | 1 |
_aLuzuriaga, Toribio de. _d1782-1842 |
|
| 650 | 0 | 4 |
_aPerú _xHistoria militar. |
| 910 |
_ajck _bjvq _cjck _d20150616 |
||
| 942 |
_2ddc _cBOOK |
||
| 949 |
_a985.09034 A34 _wDEWEY _c1 _i14967 _lCCODEBUL1 _mBUL _p00.00 _r0 _sY _tBOOK _u19770308 _xEDUCACION _zUNKNOWN _0COMPRA _o.STAFF. Colección General |
||
| 949 |
_a985.09034 A34 _wDEWEY _c2 _i14966 _lCCODEBUL1 _mBUL _p00.00 _r0 _sY _tBOOK _u19770308 _xEDUCACION _zUNKNOWN _0COMPRA _o.STAFF. Colección General |
||
| 994 |
_aC0 _bPEPRU |
||
| 596 | _a1 | ||
| 999 |
_a985.09034 A34 _wDEWEY _c18526 _i14967 _f2021-11-8 _g5 _lCCODEBUL1 _mBUL _r0 _sY _tBOOK _u2015-6-17 _xBIBLIOTECA _zUNKNOWN _0COMPRA _o.STAFF. Colección General _d18526 |
||
| 999 |
_a985.09034 A34 _wDEWEY _c2 _i14966 _f2021-11-8 _g5 _lCCODEBUL1 _mBUL _r0 _sY _tBOOK _u2015-6-17 _xBIBLIOTECA _zUNKNOWN _0COMPRA _o.STAFF. Colección General |
||
| 980 |
_81 _gALBERTO SANCHEZ Responsable de Automatización |
||